| 000 | 01101nam a22003497a 4500 | ||
|---|---|---|---|
| 003 | CHAP | ||
| 005 | 20220329143347.0 | ||
| 008 | 081215s2007 us r 00010 eng d | ||
| 010 | _a95507 | ||
| 011 | _a96479 | ||
| 020 | _a9780071476249 | ||
| 035 | _a107133 | ||
| 040 | _cCHAP | ||
| 082 | 0 | 4 |
_a628.11 _bL63 |
| 100 | 1 |
_aLin, Shun Dar _966890 |
|
| 245 | 1 | 0 |
_aWater and wastewater calculations manual _c/by Shun Dar Lin and C.C.Lee |
| 250 | _a2 ed. | ||
| 260 |
_aNew York : _bMcGraw Hill, _c2007 |
||
| 300 |
_axi, 945 p. : _bilus. |
||
| 590 |
_aBATCH-UPD _b10 _c20130110 _lUCH01 _h0341 |
||
| 590 |
_aBATCH-UPD _b10 _c20130110 _lUCH01 _h2104 |
||
| 590 |
_aBATCH-UPD _b10 _c20130410 _lUCH01 _h0015 |
||
| 590 |
_aBATCH-UPD _b10 _c20130914 _lUCH01 _h1615 |
||
| 590 |
_aCONVERSION _b10 _c20130109 _lUCH01 _h1353 |
||
| 650 | 1 | 4 |
_aAgua _xAbastecimiento industrial. _92275 |
| 650 | 1 | 4 |
_aAguas residuales. _92583 |
| 650 | 1 | 4 |
_aHidrologĂa. _955257 |
| 700 | 1 |
_aLee, C.C. _965576 |
|
| 901 | _aBK | ||
| 942 | _cLIBRO | ||
| 949 |
_a628.11 L63 _bBC _cLIBRO _d33724002068710 _eLIBRO _gI.240072 _h110104 _i107133 _si _t$1.099.00 |
||
| 999 |
_c95507 _d95507 |
||